<?xml version="1.0" encoding="UTF-8"?>
<record
    xmlns:xsi="http://www.w3.org/2001/XMLSchema-instance"
    xsi:schemaLocation="http://www.loc.gov/MARC21/slim http://www.loc.gov/standards/marcxml/schema/MARC21slim.xsd"
    xmlns="http://www.loc.gov/MARC21/slim">

  <leader>00907nam a22001337a 4500</leader>
  <controlfield tag="008">180424b        xxu||||| |||| 00| 0 eng d</controlfield>
  <datafield tag="050" ind1=" " ind2=" ">
    <subfield code="a">Special Reference</subfield>
  </datafield>
  <datafield tag="245" ind1=" " ind2=" ">
    <subfield code="a">National Community-Based Health Planning and Services (CHPS) Policy. /</subfield>
  </datafield>
  <datafield tag="260" ind1=" " ind2=" ">
    <subfield code="a">Accra :</subfield>
    <subfield code="c">2016</subfield>
  </datafield>
  <datafield tag="300" ind1=" " ind2=" ">
    <subfield code="a">39 pages.</subfield>
  </datafield>
  <datafield tag="500" ind1=" " ind2=" ">
    <subfield code="a">Includes references.</subfield>
  </datafield>
  <datafield tag="505" ind1=" " ind2=" ">
    <subfield code="a">Contents: 1. National context -- 2. Key milestones in the historical development of CHPS -- 3. Progress in implementing CHPS -- 4. Implementation challenges -- 5. The CHPS Policy: definition and directives -- Definition of CHPS -- General principles -- Policy directives -- Policy directive 1: Duty of  care and minimum package of services -- Policy directive 2: Human resources for CHPS -- Policy directive 3: Infrastructure and equipment for CHPS -- Policy directive 4: Financing --  Policy directive 5: Suspension, monitoring and evaluation. </subfield>
  </datafield>
  <datafield tag="942" ind1=" " ind2=" ">
    <subfield code="2">lcc</subfield>
    <subfield code="c">BK</subfield>
  </datafield>
  <datafield tag="999" ind1=" " ind2=" ">
    <subfield code="c">6598</subfield>
    <subfield code="d">14098</subfield>
  </datafield>
  <datafield tag="952" ind1=" " ind2=" ">
    <subfield code="0">0</subfield>
    <subfield code="1">0</subfield>
    <subfield code="2">lcc</subfield>
    <subfield code="4">0</subfield>
    <subfield code="7">0</subfield>
    <subfield code="a">WIUC-1</subfield>
    <subfield code="b">WIUC-1</subfield>
    <subfield code="c">NURS L.</subfield>
    <subfield code="d">2018-04-24</subfield>
    <subfield code="l">0</subfield>
    <subfield code="o">Special Reference</subfield>
    <subfield code="p">NURS/SR/004</subfield>
    <subfield code="r">2018-04-24 00:00:00</subfield>
    <subfield code="w">2018-04-24</subfield>
    <subfield code="y">BK</subfield>
  </datafield>
</record>
